| 000 | 00726cam a22002291i 4500 | ||
|---|---|---|---|
| 999 |
_c126656 _d126656 |
||
| 001 | 9299001 | ||
| 003 | ARRUPE | ||
| 005 | 20170811151410.0 | ||
| 008 | 791024s1950 fr 000 0 fre | ||
| 010 | _aa 50005790 | ||
| 035 | _a(OCoLC)5580986 | ||
| 040 |
_aDLC _cInIU _dOCoLC _dScCC _dOCoLC _dDLC |
||
| 042 | _apremarc | ||
| 050 | 0 | 0 |
_aPQ2625.A755 _bH6 1950 |
| 082 | _a842.91 | ||
| 100 | 1 |
_aMarcel, Gabriel, _d1889-1973. _94472 |
|
| 245 | 1 | 3 |
_aUn homme de Dieu : _bpièce en quatre actes / _cGarbriel Marcel. |
| 260 |
_aParis : _bLa Table Ronde, _c1950. |
||
| 300 |
_a215 p. ; _c 19 cm. |
||
| 440 |
_aLa table ronde _934771 |
||
| 906 |
_a7 _bcbc _coclcrpl _du _encip _f19 _gy-gencatlg |
||
| 942 |
_2lcc _cMONOGRAPH |
||